Microsoft Visual Basic: manual de referencia 6.0

Uloženo v:
Podrobná bibliografie
Hlavní autoři: Birnios, Baltazar (Autor), Birnios, Mariano (Autor)
Médium: Kniha
Jazyk:španělština
Vydáno: Buenos Aires MP 2001
Edice:Manuales Users
Témata:
Tagy: Přidat tag
Žádné tagy, Buďte první, kdo vytvoří štítek k tomuto záznamu!

MARC

LEADER 00000nam a2200000 a 4500
001 UCM1000
003 CL-VaPUC
008 020322e20010000AG |||||||||||||||||spa|d
082 0 4 |a 005.133  |b BIR  |2 21 
100 |a Birnios, Baltazar  |e author  |9 468011 
700 0 |a Birnios, Mariano  |e author  |9 468012 
245 1 0 |a Microsoft Visual Basic: manual de referencia 6.0 
300 |a 617 p 
942 |c BK 
945 |d 20020322 00:00:00  |a cmena 
260 |a Buenos Aires  |b MP  |c 2001 
500 |a Incluye Cd-Rom 
500 |a EJEMPLAR EN PODER DE DOCENTE BEATRIZ CANCINO, POR PROYECTO DE MEJORAMIENTO DE LA CALIDAD DE LA DOCENCIA 
650 0 |a Lenguajes de programación   |9 259458 
650 0 |a Programación de computadores   |9 259531 
650 0 |a Visual Basic 6.0  |9 468013 
583 |a last modification  |c 20020322 00:00:00  |k Rodrigo Vera 
490 0 |a Manuales Users 
999 |c 299726  |d 299724 
952 |0 0  |1 0  |4 0  |6 005_133000000000000_BIR_2001  |7 0  |8 A  |9 356610  |a BIBALI  |b BIBALI  |c GEN  |d 2019-11-21  |i 3800059  |o 005.133 BIR 2001  |p 3800059  |r 2025-01-20  |w 2019-11-21  |y BK  |k ALI